Corrección monetaria y pago legal. Si el pago es a plazo, con moneda desvalorizada se actualiza el valor correspondiente con el fundamento principal de ser requisito legal de pago, cualquiera que sea la fuente de la obligación dinerada
Salvato in:
| Autore principale: | |
|---|---|
| Natura: | Libro |
| Lingua: | spagnolo |
| Pubblicazione: |
Bogotá
Temis
1978
|
| Soggetti: | |
| Tags: |
Aggiungi Tag
Nessun Tag, puoi essere il primo ad aggiungerne!!
|
MARC
| LEADER | 00000nam a2200000 a 4500 | ||
|---|---|---|---|
| 001 | UCT8887 | ||
| 003 | CL-VaPUC | ||
| 008 | 970326e19780000CK |||||||||||||||||spa|d | ||
| 082 | 0 | 4 | |a 332.41 |b FUE |2 21 |
| 100 | |a Fueyo Laneri, Fernando |e autor |9 887462 | ||
| 245 | 1 | 0 | |a Corrección monetaria y pago legal. Si el pago es a plazo, con moneda desvalorizada se actualiza el valor correspondiente con el fundamento principal de ser requisito legal de pago, cualquiera que sea la fuente de la obligación dinerada |
| 300 | |a 143 p | ||
| 942 | |c BK | ||
| 945 | |d 19970326 00:00:00 |a lriquelm | ||
| 260 | |a Bogotá |b Temis |c 1978 | ||
| 650 | 0 | |a Corrección monetaria |9 371636 | |
| 650 | 0 | |a Inflación |9 257218 | |
| 650 | 0 | |a Condiciones económicas |9 258255 | |
| 650 | 7 | |a DEFLACION |2 CL-VaPUC |9 379519 | |
| 650 | 7 | |a TEORIAS MONETARIAS |2 CL-VaPUC |9 353610 | |
| 583 | |a last modification |c 19970326 00:00:00 |k Rodrigo Vera | ||
| 999 | |c 257359 |d 257357 | ||